Autopsie de la révolution
Uloženo v:
| Hlavní autor: | |
|---|---|
| Médium: | Kniha |
| Jazyk: | Undetermined |
| Vydáno: |
Paris
Calmann-Lévy
1969
|
| Témata: | |
| Tagy: |
Přidat tag
Žádné tagy, Buďte první, kdo otaguje tento záznam!
|
| Thư viện lưu trữ: | Trung tâm Học liệu Trường Đại học Cần Thơ |
|---|
| LEADER | 00455nam a2200181Ia 4500 | ||
|---|---|---|---|
| 001 | CTU_89563 | ||
| 008 | 210402s9999 xx 000 0 und d | ||
| 082 | |a 301.6 | ||
| 082 | |b E44 | ||
| 100 | |a Ellul, Jacques | ||
| 245 | 0 | |a Autopsie de la révolution | |
| 245 | 0 | |c Jacques Ellul | |
| 260 | |a Paris | ||
| 260 | |b Calmann-Lévy | ||
| 260 | |c 1969 | ||
| 650 | |a Revolutions | ||
| 904 | |i Năm | ||
| 980 | |a Trung tâm Học liệu Trường Đại học Cần Thơ | ||